Normal view
MARC view
- الفنادق - محاسبة
Entry Topical Term
001 - CONTROL NUMBER
- control field: 50994
003 - CONTROL NUMBER IDENTIFIER
- control field: JO-AjAnu
005 - DATE AND TIME OF LATEST TRANSACTION
- control field: 20230606082407.0
008 - FIXED-LENGTH DATA ELEMENTS
- fixed length control field: 230606|| aca||aabn | a|a d
040 ## - CATALOGING SOURCE
- Original cataloging agency: JO-AjAnu
- Transcribing agency: JO-AjAnu
150 ## - HEADING--TOPICAL TERM
- Topical term or geographic name entry element: الفنادق - محاسبة
670 ## - SOURCE DATA FOUND
- Source citation: Work cat.: (JO-AjAnu)26065: مقابلة، خالد, author 50993, محاسبة الفنادق والمطاعم = Hotel & Restaurant Accounting